00522nam a2200169Ia 4500008004100000020001500041041000800056082001500064100002100079245003200100250000600132260003600138300000800174650002700182999001900209952012400228210716s2006 xx 000 0 und d a0761935266 aeng a651.7 MURV aMurthy, Vasudev. aEffective proposal writing. a1 aNew DelhibResponse Booksc2006 a169 aBusiness Communication c201941d201941 001040708MBAaAIMITbAIMITd2007-08-29g220.00l0o651.7 MURVpMBA04507r2026-05-23 00:00:00v176.00w2021-07-16yBK